Bullismo e cyberbullismo : comprenderli per combatterli : strategie operative per psicologi, educatori ed insegnanti /

Uloženo v:
Podrobná bibliografie
Hlavní autor: Genta, Maria Luisa
Médium: Kniha
Jazyk:italština
Vydáno: Milano : Franco Angeli, 2017
Edice:Strumenti per il lavoro psico-sociale ed educativo ; 245
Témata:
Tagy: Přidat tag
Žádné tagy, Buďte první, kdo vytvoří štítek k tomuto záznamu!

MARC

LEADER 00000nam a22000007i 4500
001 IT\ICCU\UBO\4251667
003 ItRI
005 20260115232157.0
008 170607s2017 it |||||| |||||0|||||c
020 |a 9788891752277 
040 |b ita  |c importazione bologna sebina 
041 7 |a ita  |2 ISO-639-2 
082 |a 371.58  |9 SPECIFICI PROBLEMI DISCIPLINARI SCOLASTICI  |2 21 
100 1 |a Genta, Maria Luisa  |0 IT\ICCU\RAVV\044610 
240 1 0 |a Bullismo e cyberbullismo  |3 IT\ICCU\VIA\0412399  |9 Genta, Maria Luisa 
245 1 0 |a Bullismo e cyberbullismo :  |b comprenderli per combatterli : strategie operative per psicologi, educatori ed insegnanti /  |c Maria Luisa Genta. 
260 |a Milano :  |b Franco Angeli,  |c 2017 
300 |a 164 p. ;  |c 23 cm. 
650 7 |a BULLISMO 
650 7 |a Cyberbullismo  |2 nsbncf 
830 0 |a Strumenti per il lavoro psico-sociale ed educativo ;  |v 245  |0 IT\ICCU\LO1\0536310 
942 |2 ddc  |c BK  |n 0 
952 |0 0  |1 0  |4 0  |6 DOC_370_110000000000000_GEN  |7 0  |9 21458  |a BO  |b BO  |d 2026-01-15  |i 21009  |l 0  |o DOC 370.11 GEN  |p BO21009  |r 2026-01-15 23:21:57  |w 2026-01-15  |x [Sebina 5] [1 v.]  |y BK  |z 1 v. 
999 |c 18318  |d 18318